[Event "DEM U10 2024"]
[Site "Willingen GER"]
[Date "2024.05.21"]
[Round "5"]
[White "Romberg, Moritz"]
[Black "Rössling, Johannes"]
[Result "1/2-1/2"]
[Termination "normal"]
[Board "28"]
[WhiteElo "1054"]
[BlackElo "1579"]
[WhiteClock "00:53:27"]
[BlackClock "00:27:04"]
[PlyCount "72"]
[WhiteFideId "34676600"]
[BlackFideId "34642773"]
[EventCountry "GER"]
[EventRounds "11"]
[EventType "swiss"]
[EventDate "2024.05.18"]

1. e4 {[%clk 01:15:59]} e5 {[%clk 01:15:56]} {[%emt 00:00:05]} 2. Nf3 {[%clk
01:16:25]} {[%emt 00:00:03]} Nc6 {[%clk 01:16:23]} {[%emt 00:00:04]} 3. Bc4
{[%clk 01:16:53]} {[%emt 00:00:02]} Bc5 {[%clk 01:16:47]} {[%emt 00:00:05]} 4.
d3 {[%clk 01:17:20]} {[%emt 00:00:04]} h6 {[%clk 01:17:05]} {[%emt 00:00:12]}
5. Nc3 {[%clk 01:17:38]} {[%emt 00:00:11]} Nf6 {[%clk 01:17:16]} {[%emt
00:00:20]} 6. h3 {[%clk 01:17:49]} {[%emt 00:00:19]} d6 {[%clk 01:17:30]}
{[%emt 00:00:16]} 7. O-O {[%clk 01:18:04]} {[%emt 00:00:14]} O-O {[%clk
01:17:50]} {[%emt 00:00:11]} 8. Na4 {[%clk 01:18:21]} {[%emt 00:00:12]} Na5
{[%clk 01:14:44]} {[%emt 00:03:37]} 9. Nxc5 {[%clk 01:17:16]} {[%emt 00:01:15]}
Nxc4 {[%clk 01:08:34]} {[%emt 00:07:00]} 10. dxc4 {[%clk 01:17:01]} {[%emt
00:00:45]} dxc5 {[%clk 01:08:55]} {[%emt 00:00:09]} 11. Qxd8 {[%clk 01:17:23]}
{[%emt 00:00:08]} Rxd8 {[%clk 01:08:53]} {[%emt 00:00:31]} 12. Nxe5 {[%clk
01:17:39]} {[%emt 00:00:14]} Nxe4 {[%clk 01:07:11]} {[%emt 00:02:12]} 13. Re1
{[%clk 01:17:40]} {[%emt 00:00:26]} Nf6 {[%clk 01:06:14]} {[%emt 00:01:31]} 14.
Nd3 {[%clk 01:16:14]} {[%emt 00:01:54]} b6 {[%clk 01:04:01]} {[%emt 00:02:45]}
15. Bf4 {[%clk 01:15:48]} {[%emt 00:00:55]} c6 {[%clk 01:03:23]} {[%emt
00:01:09]} 16. Ne5 {[%clk 01:12:14]} {[%emt 00:04:03]} Bb7 {[%clk 01:01:19]}
{[%emt 00:02:35]} 17. c3 {[%clk 01:07:32]} {[%emt 00:05:12]} b5 {[%clk
00:56:55]} {[%emt 00:04:54]} 18. Rad1 {[%clk 01:03:14]} {[%emt 00:04:48]} Re8
{[%clk 00:40:50]} {[%emt 00:16:35]} 19. Nd3 {[%clk 01:01:20]} {[%emt 00:02:24]}
Nd7 {[%clk 00:40:48]} {[%emt 00:00:31]} 20. cxb5 {[%clk 01:01:14]} {[%emt
00:00:37]} cxb5 {[%clk 00:41:02]} {[%emt 00:00:16]} 21. b3 {[%clk 01:01:06]}
{[%emt 00:00:37]} Be4 {[%clk 00:28:09]} {[%emt 00:13:23]} 22. Nb2 {[%clk
01:00:03]} {[%emt 00:01:33]} Nf6 {[%clk 00:28:25]} {[%emt 00:00:14]} 23. f3
{[%clk 00:59:16]} {[%emt 00:01:17]} Bc2 {[%clk 00:28:13]} {[%emt 00:00:42]} 24.
Rxe8+ {[%clk 00:59:16]} {[%emt 00:00:31]} Rxe8 {[%clk 00:28:31]} {[%emt
00:00:12]} 25. Rc1 {[%clk 00:59:14]} {[%emt 00:00:30]} Bf5 {[%clk 00:28:40]}
{[%emt 00:00:14]} 26. g4 {[%clk 00:59:29]} {[%emt 00:00:23]} Bc8 {[%clk
00:28:54]} {[%emt 00:00:15]} 27. Nd3 {[%clk 00:59:03]} {[%emt 00:00:57]} Re2
{[%clk 00:27:16]} {[%emt 00:02:06]} 28. a4 {[%clk 00:57:38]} {[%emt 00:01:58]}
bxa4 {[%clk 00:27:26]} {[%emt 00:00:20]} 29. bxa4 {[%clk 00:57:49]} {[%emt
00:00:19]} c4 {[%clk 00:27:49]} {[%emt 00:00:08]} 30. Nc5 {[%clk 00:56:20]}
{[%emt 00:01:56]} Ra2 {[%clk 00:27:16]} {[%emt 00:00:59]} 31. Rd1 {[%clk
00:56:04]} {[%emt 00:00:50]} Be6 {[%clk 00:27:08]} {[%emt 00:00:39]} 32. Rd8+
{[%clk 00:54:26]} {[%emt 00:02:07]} Kh7 {[%clk 00:27:26]} {[%emt 00:00:14]} 33.
Ra8 {[%clk 00:54:21]} {[%emt 00:00:34]} Bd5 {[%clk 00:27:16]} {[%emt 00:00:41]}
34. Rxa7 {[%clk 00:54:03]} {[%emt 00:00:48]} Bxf3 {[%clk 00:27:01]} {[%emt
00:00:45]} 35. Rxf7 {[%clk 00:53:19]} {[%emt 00:01:13]} Rg2+ {[%clk 00:27:07]}
{[%emt 00:00:25]} 36. Kf1 {[%clk 00:53:27]} {[%emt 00:00:20]} Rc2 {[%clk
00:27:04]} {[%emt 00:00:31]} 1/2-1/2

[Event "DEM U10 2024"]
[Site "Willingen GER"]
[Date "2024.05.21"]
[Round "5"]
[White "Link, Jonas Michael"]
[Black "Köbel, John"]
[Result "0-1"]
[Termination "normal"]
[Board "29"]
[WhiteElo "1187"]
[BlackElo "1110"]
[WhiteClock "00:57:34"]
[BlackClock "01:06:06"]
[PlyCount "90"]
[WhiteFideId "533001839"]
[BlackFideId "34641394"]
[EventCountry "GER"]
[EventRounds "11"]
[EventType "swiss"]
[EventDate "2024.05.18"]

1. e4 {[%clk 01:15:59]} {[%emt 00:00:02]} c5 {[%clk 01:15:55]} {[%emt
00:00:05]} 2. Nf3 {[%clk 01:16:08]} {[%emt 00:00:20]} e6 {[%clk 01:16:19]}
{[%emt 00:00:06]} 3. d4 {[%clk 01:16:04]} {[%emt 00:00:34]} cxd4 {[%clk
01:16:41]} {[%emt 00:00:08]} 4. Nxd4 {[%clk 01:16:11]} {[%emt 00:00:23]} Nc6
{[%clk 01:17:06]} {[%emt 00:00:05]} 5. Nc3 {[%clk 01:16:09]} {[%emt 00:00:32]}
Qc7 {[%clk 01:17:02]} {[%emt 00:00:34]} 6. Ndb5 {[%clk 01:15:19]} {[%emt
00:01:20]} Qb8 {[%clk 01:17:07]} {[%emt 00:00:25]} 7. Bd3 {[%clk 01:14:47]}
{[%emt 00:01:03]} a6 {[%clk 01:17:20]} {[%emt 00:00:17]} 8. Na3 {[%clk
01:14:32]} {[%emt 00:00:44]} Bxa3 {[%clk 01:17:18]} {[%emt 00:00:32]} 9. bxa3
{[%clk 01:14:46]} {[%emt 00:00:15]} Nf6 {[%clk 01:17:10]} {[%emt 00:00:39]} 10.
Bg5 {[%clk 01:14:28]} {[%emt 00:00:49]} Qe5 {[%clk 01:15:11]} {[%emt 00:02:29]}
11. Bxf6 {[%clk 01:13:45]} {[%emt 00:01:13]} Qxf6 {[%clk 01:15:32]} {[%emt
00:00:08]} 12. Na4 {[%clk 01:13:43]} {[%emt 00:00:33]} Qg5 {[%clk 01:14:26]}
{[%emt 00:01:36]} 13. Nb6 {[%clk 01:12:41]} {[%emt 00:01:32]} Qa5+ {[%clk
01:14:48]} {[%emt 00:00:08]} 14. c3 {[%clk 01:11:44]} {[%emt 00:01:26]} Qxb6
{[%clk 01:14:59]} {[%emt 00:00:18]} 15. Rb1 {[%clk 01:11:15]} {[%emt 00:01:00]}
Qa7 {[%clk 01:15:12]} {[%emt 00:00:17]} 16. Qg4 {[%clk 01:11:08]} {[%emt
00:00:38]} O-O {[%clk 01:15:08]} {[%emt 00:00:33]} 17. Qh4 {[%clk 01:11:02]}
{[%emt 00:00:35]} Ne5 {[%clk 01:14:58]} {[%emt 00:00:40]} 18. Be2 {[%clk
01:10:52]} {[%emt 00:00:41]} Qc5 {[%clk 01:15:07]} {[%emt 00:00:21]} 19. Rb3
{[%clk 01:10:21]} {[%emt 00:01:01]} Kh8 {[%clk 01:14:24]} {[%emt 00:01:13]} 20.
O-O {[%clk 01:09:47]} {[%emt 00:01:04]} b5 {[%clk 01:12:32]} {[%emt 00:02:23]}
21. Qg3 {[%clk 01:08:06]} {[%emt 00:02:10]} Bb7 {[%clk 01:11:58]} {[%emt
00:01:04]} 22. Kh1 {[%clk 01:06:39]} {[%emt 00:01:57]} Bxe4 {[%clk 01:11:05]}
{[%emt 00:01:22]} 23. f4 {[%clk 01:06:02]} {[%emt 00:01:07]} Ng6 {[%clk
01:11:17]} {[%emt 00:00:18]} 24. Bd3 {[%clk 01:05:59]} {[%emt 00:00:33]} Bxd3
{[%clk 01:10:56]} {[%emt 00:00:51]} 25. Qxd3 {[%clk 01:06:18]} {[%emt
00:00:11]} Qc6 {[%clk 01:09:16]} {[%emt 00:02:10]} 26. f5 {[%clk 01:05:53]}
{[%emt 00:00:56]} Nh4 {[%clk 01:09:09]} {[%emt 00:00:36]} 27. Qh3 {[%clk
01:05:08]} {[%emt 00:01:15]} Qc4 {[%clk 01:08:35]} {[%emt 00:01:05]} 28. g3
{[%clk 01:04:42]} {[%emt 00:00:56]} Qe4+ {[%clk 01:07:48]} {[%emt 00:01:15]}
29. Kg1 {[%clk 01:03:55]} {[%emt 00:01:18]} Nf3+ {[%clk 01:08:10]} {[%emt
00:00:08]} 30. Kf2 {[%clk 01:04:11]} {[%emt 00:00:13]} Nd2 {[%clk 01:08:13]}
{[%emt 00:00:29]} 31. Re1 {[%clk 01:03:48]} {[%emt 00:00:53]} Qf3+ {[%clk
01:08:32]} {[%emt 00:00:10]} 32. Kg1 {[%clk 01:03:53]} {[%emt 00:00:23]} Nxb3
{[%clk 01:07:18]} {[%emt 00:01:46]} 33. axb3 {[%clk 01:03:49]} {[%emt
00:00:35]} Qxc3 {[%clk 01:07:28]} {[%emt 00:00:19]} 34. Qf1 {[%clk 01:02:13]}
{[%emt 00:02:06]} exf5 {[%clk 01:07:46]} {[%emt 00:00:13]} 35. Rb1 {[%clk
01:01:45]} {[%emt 00:00:57]} Qc5+ {[%clk 01:08:01]} {[%emt 00:00:15]} 36. Kg2
{[%clk 01:01:24]} {[%emt 00:00:50]} Rfe8 {[%clk 01:07:51]} {[%emt 00:00:41]}
37. Re1 {[%clk 01:00:45]} {[%emt 00:01:09]} h6 {[%clk 01:06:51]} {[%emt
00:01:29]} 38. Rxe8+ {[%clk 01:00:57]} {[%emt 00:00:19]} Rxe8 {[%clk 01:07:16]}
{[%emt 00:00:05]} 39. b4 {[%clk 01:00:54]} {[%emt 00:00:33]} Qc2+ {[%clk
01:07:21]} {[%emt 00:00:26]} 40. Kh3 {[%clk 01:00:40]} {[%emt 00:00:42]} Re2
{[%clk 01:07:31]} {[%emt 00:00:22]} 41. Qh1 {[%clk 00:59:57]} {[%emt 00:01:12]}
Kh7 {[%clk 01:06:57]} {[%emt 00:01:04]} 42. Qg1 {[%clk 00:59:58]} {[%emt
00:00:29]} f4 {[%clk 01:05:43]} {[%emt 00:01:45]} 43. gxf4 {[%clk 00:58:49]}
{[%emt 00:01:39]} Qd3+ {[%clk 01:06:03]} {[%emt 00:00:10]} 44. Kg4 {[%clk
00:58:01]} {[%emt 00:01:18]} f5+ {[%clk 01:06:14]} {[%emt 00:00:18]} 45. Kh5
{[%clk 00:57:34]} {[%emt 00:00:56]} Qh3# {[%clk 01:06:06]} {[%emt 00:00:09]}
0-1

[Event "DEM U10 2024"]
[Site "Willingen GER"]
[Date "2024.05.22"]
[Round "6"]
[White "Gusev, Daniil"]
[Black "Pradeep, Harshill"]
[Result "1/2-1/2"]
[Termination "normal"]
[Board "1"]
[WhiteElo "1740"]
[BlackElo "1853"]
[WhiteClock "00:14:30"]
[BlackClock "00:16:42"]
[PlyCount "100"]
[WhiteFideId "55683886"]
[BlackFideId "34629513"]
[EventCountry "GER"]
[EventRounds "11"]
[EventType "swiss"]
[EventDate "2024.05.18"]

1. e4 {[%clk 01:15:59]} e5 {[%clk 01:15:32]} {[%emt 00:00:28]} 2. Nf3 {[%clk
01:16:18]} {[%emt 00:00:12]} Nc6 {[%clk 01:15:56]} {[%emt 00:00:06]} 3. d4
{[%clk 01:16:35]} {[%emt 00:00:13]} exd4 {[%clk 01:16:19]} {[%emt 00:00:07]} 4.
Bc4 {[%clk 01:16:44]} {[%emt 00:00:20]} Nf6 {[%clk 01:16:38]} {[%emt 00:00:11]}
5. e5 {[%clk 01:16:47]} {[%emt 00:00:27]} d5 {[%clk 01:16:51]} {[%emt
00:00:18]} 6. Bb5 {[%clk 01:16:27]} {[%emt 00:00:50]} Ne4 {[%clk 01:17:04]}
{[%emt 00:00:16]} 7. Nxd4 {[%clk 01:16:14]} {[%emt 00:00:44]} Bd7 {[%clk
01:17:17]} {[%emt 00:00:17]} 8. Bxc6 {[%clk 01:16:31]} {[%emt 00:00:13]} bxc6
{[%clk 01:17:32]} {[%emt 00:00:15]} 9. O-O {[%clk 01:16:45]} {[%emt 00:00:16]}
Bc5 {[%clk 01:17:53]} {[%emt 00:00:09]} 10. Be3 {[%clk 01:16:46]} {[%emt
00:00:29]} Qe7 {[%clk 01:17:49]} {[%emt 00:00:33]} 11. f3 {[%clk 01:16:36]}
{[%emt 00:00:40]} Nd6 {[%clk 01:18:14]} {[%emt 00:00:05]} 12. Bf2 {[%clk
01:15:28]} {[%emt 00:01:38]} Nf5 {[%clk 01:18:11]} {[%emt 00:00:33]} 13. c3
{[%clk 01:15:00]} {[%emt 00:00:59]} O-O {[%clk 01:17:31]} {[%emt 00:01:09]} 14.
f4 {[%clk 01:14:19]} {[%emt 00:01:11]} f6 {[%clk 00:58:08]} {[%emt 00:19:54]}
15. Re1 {[%clk 00:48:48]} {[%emt 00:26:01]} fxe5 {[%clk 00:58:31]} {[%emt
00:00:07]} 16. fxe5 {[%clk 00:46:35]} {[%emt 00:02:43]} Qf7 {[%clk 00:50:46]}
{[%emt 00:08:14]} 17. Qe2 {[%clk 00:34:12]} {[%emt 00:12:52]} Nxd4 {[%clk
00:43:51]} {[%emt 00:07:26]} 18. Bxd4 {[%clk 00:34:11]} {[%emt 00:00:31]} Bxd4+
{[%clk 00:43:58]} {[%emt 00:00:23]} 19. cxd4 {[%emt 00:00:09]} Qf4 {[%clk
00:41:28]} {[%emt 00:02:59]} 20. Qe3 {[%clk 00:32:49]} {[%emt 00:02:14]} Qxe3+
{[%clk 00:40:53]} {[%emt 00:01:05]} 21. Rxe3 {[%clk 00:32:57]} {[%emt
00:00:21]} Rf4 {[%clk 00:41:00]} {[%emt 00:00:23]} 22. Nc3 {[%clk 00:26:04]}
{[%emt 00:07:23]} Be6 {[%clk 00:38:37]} {[%emt 00:02:53]} 23. Rd1 {[%clk
00:24:26]} {[%emt 00:02:09]} Rb8 {[%clk 00:38:31]} {[%emt 00:00:37]} 24. b3
{[%clk 00:22:35]} {[%emt 00:02:20]} Bg4 {[%clk 00:35:14]} {[%emt 00:03:47]} 25.
Rd2 {[%clk 00:22:24]} {[%emt 00:00:42]} Rb4 {[%clk 00:26:01]} {[%emt 00:09:42]}
26. h3 {[%clk 00:21:12]} {[%emt 00:01:42]} Bh5 {[%clk 00:26:23]} {[%emt
00:00:08]} 27. g4 {[%clk 00:20:39]} {[%emt 00:01:03]} Bg6 {[%clk 00:24:52]}
{[%emt 00:02:01]} 28. Ne2 {[%clk 00:19:34]} {[%emt 00:01:35]} Re4 {[%clk
00:24:20]} {[%emt 00:01:02]} 29. Rxe4 {[%clk 00:19:57]} {[%emt 00:00:07]} Bxe4
{[%clk 00:24:41]} {[%emt 00:00:10]} 30. Nc3 {[%clk 00:19:40]} {[%emt 00:00:47]}
Bg6 {[%clk 00:20:00]} {[%emt 00:05:11]} 31. Na4 {[%clk 00:19:14]} {[%emt
00:00:56]} Kf7 {[%clk 00:20:11]} {[%emt 00:00:19]} 32. Nc5 {[%clk 00:18:09]}
{[%emt 00:01:36]} Ke7 {[%clk 00:20:08]} {[%emt 00:00:32]} 33. a3 {[%clk
00:18:31]} {[%emt 00:00:08]} Rb6 {[%clk 00:20:09]} {[%emt 00:00:29]} 34. b4
{[%clk 00:18:39]} {[%emt 00:00:23]} h6 {[%clk 00:19:37]} {[%emt 00:01:01]} 35.
h4 {[%clk 00:18:28]} {[%emt 00:00:41]} Bh7 {[%clk 00:19:49]} {[%emt 00:00:18]}
36. h5 {[%clk 00:18:51]} {[%emt 00:00:06]} Bg8 {[%clk 00:20:11]} {[%emt
00:00:08]} 37. Kg2 {[%clk 00:19:13]} {[%emt 00:00:08]} Be6 {[%clk 00:20:27]}
{[%emt 00:00:14]} 38. Kg3 {[%clk 00:19:39]} {[%emt 00:00:03]} Rb8 {[%clk
00:17:33]} {[%emt 00:03:25]} 39. Rf2 {[%clk 00:19:43]} {[%emt 00:00:26]} Bg8
{[%clk 00:17:01]} {[%emt 00:01:02]} 40. g5 {[%clk 00:18:48]} {[%emt 00:01:26]}
Rf8 {[%clk 00:16:19]} {[%emt 00:01:11]} 41. Rxf8 {[%clk 00:19:10]} {[%emt
00:00:07]} Kxf8 {[%clk 00:16:43]} {[%emt 00:00:06]} 42. g6 {[%clk 00:18:17]}
{[%emt 00:01:25]} Ke7 {[%clk 00:17:03]} {[%emt 00:00:09]} 43. Kf4 {[%clk
00:18:30]} {[%emt 00:00:17]} Be6 {[%clk 00:17:22]} {[%emt 00:00:11]} 44. Nxe6
{[%clk 00:15:04]} {[%emt 00:03:56]} Kxe6 {[%clk 00:17:38]} {[%emt 00:00:14]}
45. Ke3 {[%clk 00:15:33]} {[%emt 00:00:02]} Kf5 {[%clk 00:16:02]} {[%emt
00:02:06]} 46. e6 {[%clk 00:13:18]} {[%emt 00:02:45]} Kxe6 {[%clk 00:16:23]}
{[%emt 00:00:07]} 47. Kf4 {[%clk 00:13:37]} {[%emt 00:00:12]} Kf6 {[%clk
00:16:19]} {[%emt 00:00:34]} 48. a4 {[%clk 00:14:03]} {[%emt 00:00:04]} a6
{[%clk 00:16:10]} {[%emt 00:00:39]} 49. Kg4 {[%clk 00:14:07]} {[%emt 00:00:26]}
Ke6 {[%clk 00:16:17]} {[%emt 00:00:23]} 50. Kf4 {[%clk 00:14:30]} {[%emt
00:00:06]} Kf6 {[%clk 00:16:42]} {[%emt 00:00:06]} 1/2-1/2

[Event "DEM U10 2024"]
[Site "Willingen GER"]
[Date "2024.05.22"]
[Round "6"]
[White "Steinbrenner, Peter"]
[Black "Aguike, Toshiya"]
[Result "1-0"]
[Termination "normal"]
[Board "2"]
[WhiteElo "1941"]
[BlackElo "1786"]
[WhiteClock "00:13:38"]
[BlackClock "00:03:46"]
[PlyCount "119"]
[WhiteFideId "34645535"]
[BlackFideId "34611347"]
[EventCountry "GER"]
[EventRounds "11"]
[EventType "swiss"]
[EventDate "2024.05.18"]

1. d4 {[%clk 01:15:54]} {[%emt 00:00:05]} Nf6 {[%clk 01:15:47]} {[%emt
00:00:13]} 2. Nc3 {[%clk 01:16:18]} {[%emt 00:00:05]} g6 {[%clk 01:15:48]}
{[%emt 00:00:30]} 3. e4 {[%clk 01:16:38]} {[%emt 00:00:11]} d6 {[%clk
01:16:13]} {[%emt 00:00:05]} 4. Be3 {[%clk 01:16:42]} {[%emt 00:00:25]} Bg7
{[%clk 01:15:40]} {[%emt 00:01:03]} 5. f4 {[%clk 01:15:07]} {[%emt 00:02:05]}
Ng4 {[%clk 01:14:17]} {[%emt 00:01:52]} 6. Bc1 {[%clk 01:14:58]} {[%emt
00:00:40]} c6 {[%clk 01:06:11]} {[%emt 00:08:37]} 7. h3 {[%clk 01:14:36]}
{[%emt 00:00:51]} Nf6 {[%clk 01:06:15]} {[%emt 00:00:26]} 8. Be3 {[%clk
01:14:58]} {[%emt 00:00:09]} d5 {[%clk 01:05:25]} {[%emt 00:01:21]} 9. e5
{[%clk 01:13:55]} {[%emt 00:01:32]} Ne4 {[%clk 01:01:26]} {[%emt 00:04:29]} 10.
Nxe4 {[%clk 01:14:00]} {[%emt 00:00:24]} dxe4 {[%clk 01:01:44]} {[%emt
00:00:12]} 11. Bc4 {[%clk 01:12:58]} {[%emt 00:01:32]} a5 {[%clk 01:00:07]}
{[%emt 00:02:09]} 12. a4 {[%clk 01:11:37]} {[%emt 00:01:50]} h5 {[%clk
00:56:44]} {[%emt 00:03:52]} 13. Qd2 {[%clk 01:10:36]} {[%emt 00:01:32]} Na6
{[%clk 00:55:46]} {[%emt 00:01:28]} 14. Ne2 {[%clk 01:06:28]} {[%emt 00:04:38]}
f5 {[%clk 00:53:15]} {[%emt 00:03:01]} 15. Nc3 {[%clk 01:04:42]} {[%emt
00:02:16]} e6 {[%clk 00:52:50]} {[%emt 00:00:55]} 16. O-O-O {[%clk 01:03:31]}
{[%emt 00:01:41]} Nb4 {[%clk 00:53:03]} {[%emt 00:00:18]} 17. g4 {[%clk
01:03:36]} {[%emt 00:00:25]} Kf7 {[%clk 00:50:55]} {[%emt 00:02:37]} 18. gxf5
{[%clk 01:03:18]} {[%emt 00:00:48]} gxf5 {[%clk 00:51:17]} {[%emt 00:00:08]}
19. Rdg1 {[%clk 01:03:18]} {[%emt 00:00:30]} Rh6 {[%clk 00:50:46]} {[%emt
00:00:59]} 20. Qg2 {[%clk 01:03:05]} {[%emt 00:00:44]} Qh8 {[%clk 00:50:47]}
{[%emt 00:00:29]} 21. Qg5 {[%clk 01:01:35]} {[%emt 00:02:01]} Nd5 {[%clk
00:50:09]} {[%emt 00:01:08]} 22. Bxd5 {[%clk 01:00:29]} {[%emt 00:01:36]} exd5
{[%clk 00:49:26]} {[%emt 00:01:13]} 23. Bf2 {[%clk 00:53:53]} {[%emt 00:07:06]}
Bd7 {[%clk 00:46:27]} {[%emt 00:03:27]} 24. Bh4 {[%clk 00:52:21]} {[%emt
00:02:04]} Re8 {[%clk 00:45:46]} {[%emt 00:01:09]} 25. Rh2 {[%clk 00:50:17]}
{[%emt 00:02:35]} Bf8 {[%clk 00:41:50]} {[%emt 00:04:26]} 26. Rhg2 {[%clk
00:49:39]} {[%emt 00:01:08]} Qh7 {[%clk 00:41:15]} {[%emt 00:01:05]} 27. Qg3
{[%clk 00:47:35]} {[%emt 00:02:36]} Ke6 {[%clk 00:24:38]} {[%emt 00:17:07]} 28.
Bg5 {[%clk 00:44:32]} {[%emt 00:03:32]} Rg6 {[%clk 00:24:24]} {[%emt 00:00:43]}
29. Qh4 {[%clk 00:44:52]} {[%emt 00:00:10]} Bb4 {[%clk 00:16:39]} {[%emt
00:08:16]} 30. Ne2 {[%clk 00:39:30]} {[%emt 00:05:52]} Reg8 {[%clk 00:14:01]}
{[%emt 00:03:04]} 31. Ng3 {[%clk 00:37:16]} {[%emt 00:02:47]} Be8 {[%clk
00:11:09]} {[%emt 00:03:21]} 32. Qxh5 {[%clk 00:28:54]} {[%emt 00:08:53]} Qxh5
{[%clk 00:09:06]} {[%emt 00:02:33]} 33. Nxh5 {[%clk 00:29:16]} {[%emt
00:00:10]} Be7 {[%clk 00:09:21]} {[%emt 00:00:12]} 34. Nf6 {[%clk 00:29:28]}
{[%emt 00:00:20]} Bxf6 {[%clk 00:09:39]} {[%emt 00:00:12]} 35. exf6 {[%clk
00:29:52]} {[%emt 00:00:06]} c5 {[%clk 00:09:04]} {[%emt 00:01:04]} 36. h4
{[%clk 00:29:31]} {[%emt 00:00:51]} Rh8 {[%clk 00:08:56]} {[%emt 00:00:38]} 37.
Rg3 {[%clk 00:26:49]} {[%emt 00:03:14]} Bxa4 {[%clk 00:06:38]} {[%emt
00:02:48]} 38. dxc5 {[%clk 00:25:30]} {[%emt 00:01:48]} Bc6 {[%clk 00:06:28]}
{[%emt 00:00:38]} 39. Rd1 {[%clk 00:24:19]} {[%emt 00:01:41]} Rgg8 {[%clk
00:05:04]} {[%emt 00:01:51]} 40. Rh3 {[%clk 00:23:02]} {[%emt 00:01:50]} Rd8
{[%clk 00:04:20]} {[%emt 00:01:12]} 41. h5 {[%clk 00:22:18]} {[%emt 00:01:18]}
Rd7 {[%clk 00:00:53]} {[%emt 00:03:56]} 42. Rd4 {[%clk 00:19:55]} {[%emt
00:02:52]} a4 {[%clk 00:00:32]} {[%emt 00:00:52]} 43. h6 {[%clk 00:18:14]}
{[%emt 00:02:11]} Rc7 {[%clk 00:15:17]} {[%emt 00:00:44]} 44. c4 {[%clk
00:23:20]} {[%emt 00:10:25]} Rhc8 {[%clk 00:13:39]} {[%emt 00:02:05]} 45. Rc3
{[%clk 00:20:51]} {[%emt 00:03:01]} dxc4 {[%clk 00:11:16]} {[%emt 00:02:54]}
46. Rd6+ {[%clk 00:17:36]} {[%emt 00:03:45]} Kf7 {[%clk 00:11:31]} {[%emt
00:00:15]} 47. Rxc4 {[%clk 00:15:42]} {[%emt 00:02:24]} Bb5 {[%clk 00:11:31]}
{[%emt 00:00:30]} 48. Rc3 {[%clk 00:14:41]} {[%emt 00:01:31]} Rxc5 {[%clk
00:10:35]} {[%emt 00:01:25]} 49. Rxc5 {[%clk 00:14:39]} {[%emt 00:00:32]} Rxc5+
{[%clk 00:10:57]} {[%emt 00:00:09]} 50. Kd2 {[%clk 00:14:56]} {[%emt 00:00:13]}
Rc8 {[%clk 00:10:02]} {[%emt 00:01:24]} 51. Rd5 {[%clk 00:14:11]} {[%emt
00:01:16]} Bc6 {[%clk 00:08:40]} {[%emt 00:01:43]} 52. Re5 {[%clk 00:13:55]}
{[%emt 00:00:56]} Rd8+ {[%clk 00:07:18]} {[%emt 00:01:52]} 53. Ke1 {[%clk
00:13:21]} {[%emt 00:01:03]} b5 {[%clk 00:04:03]} {[%emt 00:03:46]} 54. Re7+
{[%clk 00:13:38]} {[%emt 00:00:12]} Kg6 {[%clk 00:03:28]} {[%emt 00:01:05]} 55.
Rg7+ {[%clk 00:13:26]} {[%emt 00:00:43]} Kh5 {[%clk 00:03:46]} {[%emt
00:00:12]} 56. f7 {[%clk 00:13:38]} {[%emt 00:00:18]} e3 57. Bxd8 a3 58. f8=Q
axb2 59. Qf7+ Kxh6 60. Qg6# 1-0